000 04796cam a2200445 a 4500
001 316736612
003 OCoLC
005 20180923144742.0
008 090313t20102010dcua b 001 0 eng
010 _a2009010391
020 _a9781433805592 (hardcover)
020 _a1433805596 (hardcover)
020 _a9781433805615 (softcover)
020 _a1433805618 (softcover)
020 _a9781433805622 (spiral bound)
020 _a1433805626 (spiral bound)
040 _aDLC
_cDLC
_dNLM
_dYDXCP
_dNDD
_dFER
_dEMM
_dCDX
_dBWX
_dEDK
_dNLGGC
_dWS7
_dHNW
_dLMR
_dVP@
_dWJY
_dZCK
_dDEBBG
_dTNY
_dNIU
_dTTU
_dKSU
_dDSR
_dKEC
_dOCK
_dUtOrBLW
050 0 0 _aBF76.7
_b.P83 2010
060 0 0 _a2009 H-979
060 1 0 _aWZ 345
_bP976 2010
082 0 0 _a808.06615
_222
_bPUM
245 0 0 _aPublication manual of the American Psychological Association
246 1 _iCommonly known as:
_aAPA manual
250 _aSixth edition
300 _axviii, 272 pages :
_billustrations ;
_c26 cm
504 _aIncludes bibliographical references (pages 255-257) and index
505 0 _aWriting for the behavioral and social sciences. Types of articles ; Ethical and legal standards in publishing ; Ensuring the accuracy of scientific knowledge ; Protecting the rights and welfare of research participants ; Protecting intellectual property rights -- Manuscript structure and content. Journal article reporting standards ; Manuscript elements ; Sample papers -- Writing clearly and concisely. Organization ; Writing style ; Reducing bias in language ; General guidelines for reducing bias ; Reducing bias by topic ; Grammar and usage -- Mechanics of style. Punctuation ; Spelling ; Capitalization ; Italics ; Abbreviations ; Numbers ; Metrication ; Statistical and mathematical copy ; Equations -- Displaying results. General guidance on table and figures ; Tables ; Figures ; Presenting electrophysiological, radiological, and other biological data -- Crediting sources. When to cite ; Quoting and paraphrasing ; Citing references in text ; Reference list ; Reference components -- Reference examples. Types and variations ; Examples by type ; Appendix 7-1: References to legal materials -- Publication process. Editorial process ; Author responsibilities -- Appendix: Journal article reporting standards (JARS), Meta-analysis reporting standards (MARS), and flow of participants through each stage of an experiment or quasi-experiment
520 _aWith millions of copies sold, the Publication Manual of the American Psychological Association is the style manual of choice for writers, editors, students, educators, and professionals in psychology, sociology, business, economics, nursing, social work, and justice administration, and other disciplines in which effective communication with words and data is fundamental. In addition to providing clear guidance on grammar, the mechanics of writing, and APA style, the Publication Manual offers an authoritative and easy-to-use reference and citation system and comprehensive coverage of the treatment of numbers, metrication, statistical and mathematical data, tables, and figures for use in writing, reports, or presentations. The new edition has been revised and updated to include: The latest guidelines and examples for referencing electronic and online sources; New and revised guidelines for submitting papers electronically; Improved guidelines for avoiding plagiarism; Simplified formatting guidelines for writers using up-to-date word-processing software; All new guidelines for presenting case studies; Improved guidelines for the construction of tables; Updates on copyright and permissions issues for writers. New reference examples for audiovisual media and patents; An expanded and improved index for quick and easy access; Writers, scholars, and professionals will also find: New guidelines on how to choose text, tables, or figures to present data; Guidelines for writing cover letters for submitting articles for publication, plus a sample letter; Expanded guidelines on the retention of raw data; New advice on establishing written agreements for the use of shared data; New information on the responsibilities of co-authors.--From the Publisher
650 0 _aPsychology
_xAuthorship
_vStyle manuals
_918333
650 0 _aSocial sciences
_xAuthorship
_vStyle manuals
_965080
650 0 _aPsychological literature
_xPublishing
_vHandbooks, manuals, etc
_918334
650 0 _aSocial science literature
_xPublishing
_vHandbooks, manuals, etc
_965081
650 1 2 _aWriting
_965082
650 2 2 _aAuthorship
_965083
650 2 2 _aJournalism, Medical
_917623
655 4 _aRichtlinie
_965084
710 2 _aAmerican Psychological Association
_965085
856 4 2 _3Supplemental materials
_uhttp://www.apastyle.org/manual/supplement/index.aspx
942 _2ddc
_cBOOK
999 _c75166
_d312443